|
|
|
|
| LEADER |
00000cam a2200000 7i4500 |
| 001 |
0000306916 |
| 005 |
20240403142314.0 |
| 006 |
ao ###gr #### |
| 007 |
ta |
| 008 |
230306s2022 my o # eng |
| 022 |
|
|
|a 13943448
|
| 040 |
|
|
|a MBPJ
|b eng
|c MBPJ
|e rda
|
| 090 |
|
4 |
|a BUL 247
|
| 110 |
2 |
|
|a The Japan Foundation, Kuala Lumpur
|e issuing body
|
| 245 |
0 |
0 |
|a TEMAN BARU .
|n Issue 124 July - August 2022
|c The Japan Foundation, Kuala Lumpur
|
| 264 |
|
0 |
|a Kuala Lumpur :
|b Japan Faundation Kuala Lumpur
|c 2022
|
| 300 |
|
|
|a 7 pages :
|b colour photographs ;
|c 30 cm.
|
| 336 |
|
|
|a text
|2 rdacontent
|
| 337 |
|
|
|a unmediated
|2 rdamedia
|
| 338 |
|
|
|a volume
|2 rdacarrier
|
| 500 |
|
|
|a Buletin issue 124(July - August 2022)
|
| 999 |
|
|
|a BA1091/22
|b BULETIN
|c KOLEKSI BAHAN ARKIB
|e PERPUSTAKAAN KOMUNITI PETALING JAYA
|